000 00874nam a2200253 i 4500
001 13556
003 ES-MaACL
005 20230906150618.0
007 t|
008 980518s1992 sp ||||1| spa d
020 _a84-604-3214-9
080 _a398.2(671.8/9)
100 1 _aCreus, Jacint.
_941570
245 1 0 _aCuentos annobeneses de Guinea Ecuatorial /
_cJacint Creus, Mª Antáonia Brunat ; versiones en lengua ambú de Braulio Lorenzo Huesca Pueyo.
260 _aMalabo :
_bCentro Cultural Hispano-Guineano,
_c1992.
300 _a197 p. ;
_c22 cm.
490 1 _aColección Ensayos ;
_v8
650 1 4 _aCuentos populares-
_zGuinea Ecuatorial.
_911501
700 0 _aBrunat, Maria Antònia.
_932146
700 1 _aHuesca Pueyo, Braulio Lorenzo.
_964582
830 0 _aColección Ensayos ;
_v8
_9179260
852 _aES-MaACL
_jL-20886
_bR.122091
999 _c13556
_d13556